000 005970000a22001570004500
005 20240605113309.0
008 230817t2003 ||||| |||| 00| 0 eng d
082 _a305.42
_bSOU
110 _aSouth Asia Partnership International
245 _aReviving democracy : the emerging role of women in decision making :
_ba study of women's participation in governance in South Asia
260 _aColombo:
_bSouth Asia Partnership International,
_c2003
300 _a260 p. : ill. ; 27 cm.
650 _aWomen -Political activity -South Asia
650 _aWomen - Social conditions -South Asia
942 _cRP
999 _c45
_d45